War in the modern world. (Record no. 18715)
[ view plain ]
| 000 -CABECERA | |
|---|---|
| campo de control de longitud fija | 00739cam a22002531 4500 |
| 001 - NÚMERO DE CONTROL | |
| campo de control | 000019197 |
| 005 - FECHA Y HORA DE LA ÚLTIMA TRANSACCIÓN | |
| campo de control | 20200929165940.0 |
| 008 - DATOS DE LONGITUD FIJA--INFORMACIÓN GENERAL | |
| campo de control de longitud fija | 780616s1962 nyu b 000 0 eng |
| 040 ## - FUENTE DE LA CATALOGACIÓN | |
| Centro catalogador/agencia de origen | DO-SdBNP |
| Centro/agencia transcriptor | PLhS |
| Centro/agencia modificador | OCoLC |
| -- | DLC |
| -- | BNPHU |
| 042 ## - CÓDIGO DE AUTENTICACIÓN | |
| Código de autenticación | premarc |
| 082 ## - NÚMERO DE LA CLASIFICACIÓN DECIMAL DEWEY | |
| Número de clasificación | 355.0903 |
| Número de documento/Ítem | R785w |
| 049 ## - FONDOS LOCALES (OCLC) | |
| Fondos de biblioteca | BNGR |
| 100 1# - ENTRADA PRINCIPAL--NOMBRE DE PERSONA | |
| Nombre de persona | Ropp, Theodore, |
| Fechas asociadas al nombre | 1911- |
| 9 (RLIN) | 41309 |
| 245 10 - MENCIÓN DE TÍTULO | |
| Título | War in the modern world. |
| 250 ## - MENCIÓN DE EDICIÓN | |
| Mención de edición | 1a ed. |
| 260 ## - PUBLICACIÓN, DISTRIBUCIÓN, ETC. | |
| Lugar de publicación, distribución, etc. | New York : |
| Nombre del editor, distribuidor, etc. | Collier Books, |
| Fecha de publicación, distribución, etc. | [1962]. |
| 300 ## - DESCRIPCIÓN FÍSICA | |
| Extensión | 414 p. ; |
| Dimensiones | 18 cm. |
| 490 0# - MENCIÓN DE SERIE | |
| Mención de serie | Collier books, |
| Designación de volumen o secuencia | 57 |
| 504 ## - NOTA DE BIBLIOGRAFÍA, ETC. | |
| Nota de bibliografía, etc. | Incluye bibliografía. |
| 650 #4 - PUNTO DE ACCESO ADICIONAL DE MATERIA--TÉRMINO DE MATERIA | |
| Término de materia o nombre geográfico como elemento de entrada | Ciencia militar |
| Subdivisión general | Historia |
| 9 (RLIN) | 14353 |
| 650 #4 - PUNTO DE ACCESO ADICIONAL DE MATERIA--TÉRMINO DE MATERIA | |
| Término de materia o nombre geográfico como elemento de entrada | Militar |
| Subdivisión general | Historia moderna |
| 9 (RLIN) | 41310 |
| 830 #0 - PUNTO DE ACCESO ADICIONAL DE SERIE-TÍTULO UNIFORME | |
| Título uniforme | Collier books, |
| Número de parte o sección de la obra | 57 |
| 9 (RLIN) | 41311 |
| 910 ## - DATOS DE OPCIÓN DEL USUARIO (OCLC) | |
| Datos de opción del usuario | Catalogación derivada / LC |
| Estado de retiro | Estado de pérdida | Restricciones de uso | No para préstamo | Código de colección | Localización permanente | Ubicación/localización actual | Ubicación en estantería | Fecha de adquisición | Número de inventario | Total de préstamos | Signatura topográfica completa | Código de barras | Fecha visto por última vez | Precio válido a partir de | Tipo de ítem Koha |
|---|---|---|---|---|---|---|---|---|---|---|---|---|---|---|---|
| Excluido de préstamo | Monografías: Libros y Folletos | General | General | En catalogación | 28.05.2010 | LF1 | 355.0903 R785w | 19197-10 | 25.06.2020 | 25.06.2020 | No se presta |
